| 000 | 00364nam a2200145Ia 4500 | ||
|---|---|---|---|
| 008 | 220216s9999 xx 000 0 und d | ||
| 100 | _aMadhu C B | ||
| 245 | 0 | _aRubber thottathile pisachuvally (Malayalam) | |
| 260 |
_bRubber(Malayalam) _c2013 |
||
| 300 | _a24-25 | ||
| 500 | _aSource Year: 2013 | ||
| 650 | _aMikania mikrantha | ||
| 650 | _aWeed | ||
| 942 | _cJS | ||
| 999 |
_c68066 _d68066 |
||